Collection de moulages pour l'histoire de l'art antique / (Record no. 90092)

MARC details
000 -LEADER
campo de control de longitud fija 00601nam a2200181 i 4500
001 - NÚMERO DE CONTROL
campo de control 90092
003 - IDENTIFICADOR DE NÚMERO DE CONTROL
campo de control ES-MaACL
007 - CAMPO FIJO DE DESCRIPCIÓN FÍSICA--INFORMACIÓN GENERAL
campo de control de longitud fija t|
008 - DATOS DE LONGITUD FIJA--INFORMACIÓN GENERAL
campo de control de longitud fija 050118s1911 fr ||||1| fre d
100 1# - ENTRADA PRINCIPAL--NOMBRE DE PERSONA
Nombre de persona Lechat, Henri.
9 (RLIN) 71068
245 10 - MENCIÓN DEL TÍTULO
Título Collection de moulages pour l'histoire de l'art antique /
Mención de responsabilidad, etc. par Henri Lechat.
250 ## - MENCION DE EDICION
Mención de edición 2e catalogue redige.
260 ## - PUBLICACIÓN, DISTRIBUCIÓN, ETC.
Lugar de publicación, distribución, etc. Lyon :
Nombre del editor, distribuidor, etc. [s.n.,
Fecha de publicación, distribución, etc. 1911] (
Fabricante A Rey et C)
300 ## - DESCRIPCIÓN FÍSICA
Extensión XI, 232 p. ;
Dimensiones 19 cm.
500 ## - NOTA GENERAL
Nota general Precede al tít.: Université de Lyon, Faculté des Lettres.
710 2# - ENTRADA AGREGADA--NOMBRE DE ENTIDAD CORPORATIVA
Nombre de entidad corporativa o nombre de jurisdicción como elemento de entrada Université de Lyon.
Unidad subordinada Faculté des Lettres.
9 (RLIN) 7483
852 ## - LOCALIZACIÓN
Ubicación ES-MaACL
Número de control de estantería B-4238
Holdings
Estatus retirado Estado de pérdida Estado de daño No para préstamo Biblioteca de origen Biblioteca actual Ubicación en estantería Fecha de adquisición Fuente de adquisición Total de préstamos Signatura topográfica completa Código de barras Visto por última vez Precio de reemplazo Tipo de ítem Koha
        Biblioteca del Ateneo de Madrid Biblioteca del Ateneo de Madrid Sala Pardo Bazán 17/01/2008     B-4238 1094085 23/02/2023 23/02/2023 Libro impreso